How I spent my summer holidays (Novel)

সংরক্ষণ করুন:
গ্রন্থ-পঞ্জীর বিবরন
প্রধান লেখক: Mitchell, William O.
বিন্যাস: গ্রন্থ
ভাষা:English
প্রকাশিত: Toronto, Canadá Macmillan of Canada 1981
বিষয়গুলি:
ট্যাগগুলো: ট্যাগ যুক্ত করুন
কোনো ট্যাগ নেই, প্রথমজন হিসাবে ট্যাগ করুন!

MARC

LEADER 00000nam a2200000Ia 4500
008 170316s9999 xx 000 0 eng d
040 |a cru BVZT 
090 |a 818 M-21h 
100 |a Mitchell, William O. 
245 |a How I spent my summer holidays (Novel) 
260 |a Toronto, Canadá 
260 |b Macmillan of Canada 
260 |c 1981 
300 |a 224 páginas 
650 |a LITERATURA CANADIENSE 
999 |c 6565  |d 6565 
942 |c 15 D  |h 818 M-21h  |2 z